| 000 | 00000nam##2200000za#4500 |
| 001 | 9.576912 |
| 003 | CaOODSP |
| 005 | 20210624185349 |
| 007 | cr ||||||||||| |
| 008 | 150406|1989||||xxc|||||o f|0| 0 eng|d |
| 040 | |aCaOODSP|beng |
| 043 | |an-cn--- |
| 086 | 1 |aFs97-13/733E-PDF |
| 110 | 1 |aCanada. |bDepartment of Fisheries and Oceans. |
| 245 | 10|aTen years of data for four cyprinid species in Lake 114, an experimentally acidified lake in the Experimental Lakes Area, Northwestern Ontario / |h[electronic resource]|cby S.M. Chalanchuk, L.C. Mohr and D.J. Allan. |
| 260 | |aWinnipeg - Manitoba : |bFisheries and Oceans Canada |c1989. |
| 300 | |a30p.|bfigs., references, tables |
| 490 | 1 |aCanadian data report of fisheries and aquatic sciences|vNo. 733 |
| 500 | |aOn t.p.: Central and Arctic Region, Winnipeg, Manitoba. Catalogue number of the print edition appears in the PDF version. |
| 546 | |a(Résumé en français) |
| 590 | |a13-18-Supp|b2013-08-01 |
| 720 | 1 |aChalanchuk, S. M. |
| 720 | 1 |aMohr, L. C. |
| 720 | 1 |aAllan, D. J. |
| 830 | #0|aCanadian data report of fisheries and aquatic sciences ;|vNo. 733|w(CaOODSP)9.505124 |
| 856 | 40|ahttp://publications.gc.ca|qPDF|s428 KB|uhttps://publications.gc.ca/collections/collection_2013/mpo-dfo/Fs97-13-733-eng.pdf|yNo. 733 |